[Event "SUI-chT"]
[Site "Switzerland"]
[Date "2022.09.18"]
[Round "7.5"]
[White "Fischer, Daniel1111"]
[Black "Renet, Olivier"]
[Result "1/2-1/2"]
[WhiteElo "2339"]
[BlackElo "2446"]
[PlyCount "64"]
[EventDate "2022.05.01"]
[EventType "team-tourn"]
[EventRounds "9"]
[EventCountry "SUI"]
[SourceTitle "EXT 2023"]
[Source "ChessBase"]
[SourceDate "2022.10.05"]
[SourceVersion "1"]
[SourceVersionDate "2022.10.05"]
[SourceQuality "1"]
[WhiteTeam "Zuerich"]
[BlackTeam "Riehen"]
[WhiteTeamCountry "SUI"]
[BlackTeamCountry "SUI"]

1. e4 c5 2. Nf3 d6 3. Bb5+ Bd7 4. Bxd7+ Nxd7 5. c3 Ngf6 6. Qe2 e6 7. d4 cxd4 8. cxd4 Be7 9. Nc3 0-0 10. 0-0 d5 11. e5 Ne8 12. Ne1 Nb8 13. f4 Nc6 14. Be3 f5 15. exf6 Bxf6 16. Nf3 Nd6 17. Bf2 Re8 18. Rad1 Rc8 19. Ne5 Rc7 20. Rfe1 g6 21. Qf3 Nf5 22. Qh3 a6 23. g4 Ng7 24. Qg2 Rf8 25. Re2 Be7 26. Be3 Bb4 27. Rc2 Na5 28. a3 Bxc3 29. Rxc3 Rxc3 30. bxc3 b5 31. a4 Nc4 32. Nxc4 bxc4 1/2-1/2

[Event "EU-Cup 35th"]
[Site "Ulcinj"]
[Date "2019.11.13"]
[Round "4.9"]
[White "Renet, Olivier"]
[Black "Krivonosov, Oleg"]
[Result "1/2-1/2"]
[WhiteElo "2475"]
[BlackElo "2404"]
[PlyCount "182"]
[EventDate "2019.11.10"]
[EventType "team-swiss"]
[EventRounds "7"]
[EventCountry "MNE"]
[SourceTitle "CBM 193 Extra"]
[Source "ChessBase"]
[SourceDate "2020.01.31"]
[SourceVersion "1"]
[SourceVersionDate "2020.01.31"]
[SourceQuality "1"]
[WhiteTeam "Riehen SG"]
[BlackTeam "MRU ROSK Consulting"]
[WhiteTeamCountry "SUI"]
[BlackTeamCountry "LTU"]

1. d4 d5 2. c4 e6 3. Nc3 Be7 4. cxd5 exd5 5. Bf4 Nf6 6. e3 0-0 7. Nf3 c5 8. dxc5 Bxc5 9. Be2 Nc6 10. 0-0 Be6 11. Rc1 Bd6 12. Bxd6 Qxd6 13. Qa4 a6 14. Qh4 Rac8 15. Rcd1 Rfd8 16. Rd2 h6 17. Rfd1 Qe7 18. h3 Kf8 19. Nd4 Nxd4 20. Rxd4 Rd7 21. Qf4 Qc5 22. Bf3 Qc7 23. Qxc7 Rcxc7 24. g4 Ke7 25. Kg2 Rc5 26. a3 b5 27. Kg3 Rc4 28. Bg2 g6 29. f4 Rdc7 30. Bf3 h5 31. g5 Ne4+ 32. Nxe4 Rxd4 33. Rxd4 dxe4 34. Bxe4 Rc1 35. h4 Rg1+ 36. Bg2 Bc4 37. Kf2 Rc1 38. Rd2 Be6 39. Bf3 a5 40. e4 b4 41. axb4 axb4 42. Bd1 Bg4 43. Bxg4 hxg4 44. Kg3 b3 45. Rd3 Rg1+ 46. Kf2 Rh1 47. Kg2 Re1 48. Rxb3 Rxe4 49. Kg3 f5 50. gxf6+ Kxf6 51. Kxg4 Re1 52. Rb6+ Kg7 53. b4 Rg1+ 54. Kf3 Rh1 55. Ke4 Rxh4 56. Ke5 Rh5+ 57. Ke4 Rh4 58. Rb5 Kf6 59. Rc5 Rh1 60. Rc6+ Kf7 61. Rc4 Ke6 62. Rc6+ Kf7 63. Ke5 Rb1 64. Rc4 Ke7 65. Rc7+ Kd8 66. Rc4 Ke7 67. Rc7+ Kd8 68. Rb7 Kc8 69. Rb6 Rg1 70. Rf6 Rg4 71. Kd6 Kb7 72. Kc5 g5 73. Rf7+ Kc8 74. f5 Rf4 75. b5 g4 76. Kb6 g3 77. Rf8+ Kd7 78. Rg8 Rf3 79. Ka6 Ke7 80. Rg6 Kf7 81. b6 Rb3 82. b7 Ra3+ 83. Kb6 Rb3+ 84. Kc7 Rc3+ 85. Kb8 Ra3 86. Rg4 Kf6 87. Rg8 Kxf5 88. Kc7 Rc3+ 89. Kd6 Rb3 90. b8Q Rxb8 91. Rxb8 Ke4 1/2-1/2

[Event "EU-Cup 35th"]
[Site "Ulcinj"]
[Date "2019.11.11"]
[Round "2.3"]
[White "Polzin, Rainer"]
[Black "Renet, Olivier"]
[Result "1/2-1/2"]
[WhiteElo "2411"]
[BlackElo "2475"]
[PlyCount "84"]
[EventDate "2019.11.10"]
[EventType "team-swiss"]
[EventRounds "7"]
[EventCountry "MNE"]
[SourceTitle "CBM 193 Extra"]
[Source "ChessBase"]
[SourceDate "2020.01.31"]
[SourceVersion "1"]
[SourceVersionDate "2020.01.31"]
[SourceQuality "1"]
[WhiteTeam "Berlin SF"]
[BlackTeam "Riehen SG"]
[WhiteTeamCountry "GER"]
[BlackTeamCountry "SUI"]

1. e4 e5 2. Nf3 Nc6 3. Bb5 a6 4. Ba4 Nf6 5. 0-0 Be7 6. Re1 b5 7. Bb3 d6 8. c3 0-0 9. d4 Bg4 10. Be3 Bh5 11. h3 Na5 12. Bc2 Nc4 13. Bc1 exd4 14. cxd4 d5 15. e5 Ne4 16. Nc3 Nxc3 17. bxc3 a5 18. Bf5 b4 19. Qd3 Bg6 20. Bxg6 fxg6 21. Nd2 Nb6 22. c4 c5 23. Bb2 Rc8 24. Rad1 cxd4 25. c5 Na4 26. Bxd4 Bxc5 27. Bxc5 Nxc5 28. Qb5 Ne6 29. Ne4 d4 30. g3 Rc2 31. Rd2 Rxd2 32. Nxd2 Kh8 33. Ne4 d3 34. Nd6 Ng5 35. Qd5 Qa8 36. Qxa8 Rxa8 37. Kg2 a4 38. Nc4 Ne6 39. Kf3 b3 40. Ke3 bxa2 41. Ra1 Rc8 42. Na3 Rd8 1/2-1/2

[Event "SUI-chT"]
[Site "Switzerland"]
[Date "2018.07.01"]
[Round "5.2"]
[White "Renet, Olivier"]
[Black "Fecker, Noah"]
[Result "1/2-1/2"]
[WhiteElo "2532"]
[BlackElo "2209"]
[PlyCount "135"]
[EventDate "2018.03.25"]
[EventType "team-tourn"]
[EventRounds "9"]
[EventCountry "SUI"]
[SourceTitle "EXT 2019"]
[Source "ChessBase"]
[SourceDate "2018.10.10"]
[SourceVersion "1"]
[SourceVersionDate "2018.10.10"]
[SourceQuality "1"]
[WhiteTeam "Riehen"]
[BlackTeam "St Gallen"]
[WhiteTeamCountry "SUI"]
[BlackTeamCountry "SUI"]

1. e4 c5 2. Nf3 e6 3. d4 cxd4 4. Nxd4 Nc6 5. Nc3 Qc7 6. f4 a6 7. Nxc6 Qxc6 8. Bd3 b5 9. Qe2 Bb7 10. Bd2 Bc5 11. 0-0-0 Ne7 12. Qh5 g6 13. Qg5 f5 14. a3 0-0-0 15. Rhe1 Rde8 16. Re2 Qc7 17. Kb1 Nc6 18. Be3 Bxe3 19. Rxe3 Na5 20. g3 Kb8 21. exf5 gxf5 22. Be2 Rd8 23. Qf6 h5 24. Red3 Bc6 25. Bf3 Bxf3 26. Rxf3 Nc4 27. Rfd3 Nb6 28. Rd6 Kb7 29. Qd4 Rc8 30. Qb4 Rhd8 31. Qa5 Ra8 32. b3 Nc8 33. Qxc7+ Kxc7 34. R6d4 Nb6 35. a4 bxa4 36. Nxa4 Nxa4 37. Rxa4 Kc6 38. Rc4+ Kb7 39. Rd6 a5 40. Rc5 Ra6 41. Rc7+ Kxc7 42. Rxa6 h4 43. Rxa5 hxg3 44. hxg3 Kb6 45. Re5 Rg8 46. Re3 Kc5 47. Kc1 Kd5 48. Kd2 d6 49. Rd3+ Kc5 50. Rf3 Rf8 51. Rc3+ Kd5 52. Rd3+ Kc6 53. Re3 Re8 54. Rf3 Rf8 55. Ke3 Kd5 56. Rf2 e5 57. Rd2+ Kc6 58. fxe5 dxe5 59. Kf3 Rg8 60. Rd1 Rh8 61. Kg2 Rg8 62. Kf3 Rh8 63. Rd2 Rh1 64. Rd8 Rf1+ 65. Ke2 Rg1 66. Kf3 Rf1+ 67. Ke2 Rg1 68. Kf3 1/2-1/2

[Event "SUI-chT"]
[Site "Switzerland"]
[Date "2018.06.10"]
[Round "4.3"]
[White "Gallagher, Joseph G"]
[Black "Renet, Olivier"]
[Result "1/2-1/2"]
[WhiteElo "2453"]
[BlackElo "2532"]
[PlyCount "60"]
[EventDate "2018.03.25"]
[EventType "team-tourn"]
[EventRounds "9"]
[EventCountry "SUI"]
[SourceTitle "EXT 2019"]
[Source "ChessBase"]
[SourceDate "2018.10.10"]
[SourceVersion "1"]
[SourceVersionDate "2018.10.10"]
[SourceQuality "1"]
[WhiteTeam "Reti"]
[BlackTeam "Riehen"]
[WhiteTeamCountry "SUI"]
[BlackTeamCountry "SUI"]

1. e4 c5 2. Nf3 d6 3. d4 cxd4 4. Nxd4 Nf6 5. f3 e5 6. Nb3 Be7 7. c4 0-0 8. Nc3 Nc6 9. Be3 Be6 10. Be2 Na5 11. Nd5 Bxd5 12. cxd5 Nxb3 13. Qxb3 Nh5 14. 0-0 Bg5 15. Bf2 Nf4 16. Rfe1 Nxe2+ 17. Rxe2 Qd7 18. Rc2 a6 19. Re1 Rac8 20. Ree2 g6 21. Rxc8 Rxc8 22. Rc2 h5 23. h4 Bf4 24. a4 Rc7 25. g3 Bh6 26. Bb6 Rc8 27. Rxc8+ Qxc8 28. Qc3 Qh3 29. Bf2 Qd7 30. b3 f5 1/2-1/2

[Event "SUI-chT"]
[Site "Switzerland"]
[Date "2018.03.25"]
[Round "1.2"]
[White "Studer, Noel"]
[Black "Renet, Olivier"]
[Result "1/2-1/2"]
[WhiteElo "2467"]
[BlackElo "2507"]
[PlyCount "89"]
[EventDate "2018.03.25"]
[EventType "team-tourn"]
[EventRounds "9"]
[EventCountry "SUI"]
[SourceTitle "CBM 183 Extra"]
[Source "ChessBase"]
[SourceDate "2018.04.19"]
[SourceVersion "1"]
[SourceVersionDate "2018.04.19"]
[SourceQuality "1"]
[WhiteTeam "Luzern"]
[BlackTeam "Riehen"]
[WhiteTeamCountry "SUI"]
[BlackTeamCountry "SUI"]

1. d4 Nf6 2. c4 g6 3. Nc3 d5 4. cxd5 Nxd5 5. e4 Nxc3 6. bxc3 Bg7 7. Qa4+ Nd7 8. Nf3 0-0 9. Be2 Nb6 10. Qb4 Qd6 11. 0-0 Bg4 12. Qb3 c6 13. a4 Qc7 14. Ba3 Rad8 15. Rfd1 Bxf3 16. Bxf3 Rfe8 17. a5 Nc8 18. e5 e6 19. Qc4 a6 20. Rdb1 Rd7 21. Bc5 Bf8 22. Bb6 Nxb6 23. Rxb6 Qc8 24. Rab1 Rc7 25. Be4 Ree7 26. f4 Red7 27. g3 Qd8 28. Rd1 Kg7 29. Kg2 Be7 30. g4 Bf8 31. Rd3 Qh4 32. Rg3 Qd8 33. Rd3 Qh4 34. Bf3 Qd8 35. Rb2 Rc8 36. Ra2 Kh8 37. Be4 Qh4 38. h3 Qd8 39. Kh2 Bh6 40. Kg3 Bf8 41. Kh2 Bh6 42. Kg3 Bf8 43. Rd1 Be7 44. Kh2 Bf8 45. Rd3 1/2-1/2

[Event "SUI-chT"]
[Site "Switzerland"]
[Date "2017.09.02"]
[Round "6.2"]
[White "Maeser, Fabian"]
[Black "Renet, Olivier"]
[Result "1/2-1/2"]
[WhiteElo "2302"]
[BlackElo "2520"]
[PlyCount "82"]
[EventDate "2017.03.19"]
[EventType "team-swiss"]
[EventRounds "9"]
[EventCountry "SUI"]
[SourceTitle "EXT 2018"]
[Source "ChessBase"]
[SourceDate "2017.10.13"]
[SourceVersion "1"]
[SourceVersionDate "2017.10.13"]
[SourceQuality "1"]
[WhiteTeam "Wollishofen"]
[BlackTeam "Riehen"]
[WhiteTeamCountry "SUI"]
[BlackTeamCountry "SUI"]

1. c4 g6 2. g3 Bg7 3. Bg2 Nf6 4. Nc3 0-0 5. e4 c5 6. Nge2 Nc6 7. d3 d6 8. 0-0 Bd7 9. h3 Ne8 10. Be3 Nd4 11. Rb1 a5 12. a4 Nc7 13. f4 f5 14. exf5 Nxf5 15. Bf2 Bc6 16. g4 Nd4 17. Bxd4 cxd4 18. Nd5 Ne6 19. f5 gxf5 20. Ng3 Nc5 21. Nxf5 e6 22. Nxg7 Kxg7 23. Nf4 Qg5 24. Nh5+ Kh8 25. Qe2 Bxa4 26. Rxf8+ Rxf8 27. Rf1 Qe7 28. Qd2 b6 29. Qh6 Rxf1+ 30. Bxf1 Be8 31. Nf6 Bg6 32. Qf4 Bxd3 33. Bxd3 Nxd3 34. Qxd4 e5 35. Qxd3 Qxf6 36. Qe4 Kg7 37. Qb7+ Qf7 38. Qc6 Qf4 39. Qd7+ Kg8 40. Qd8+ Kg7 41. Qd7+ Kg8 1/2-1/2

[Event "SUI-chT"]
[Site "Switzerland"]
[Date "2016.06.11"]
[Round "4.3"]
[White "Renet, Olivier"]
[Black "Godena, Michele"]
[Result "1/2-1/2"]
[WhiteElo "2520"]
[BlackElo "2514"]
[PlyCount "62"]
[EventDate "2016.03.20"]
[EventType "team-tourn"]
[EventRounds "9"]
[EventCountry "SUI"]
[SourceTitle "EXT 2017"]
[Source "ChessBase"]
[SourceDate "2016.10.25"]
[SourceVersion "1"]
[SourceVersionDate "2016.10.25"]
[SourceQuality "1"]
[WhiteTeam "Riehen"]
[BlackTeam "Reti"]
[WhiteTeamCountry "SUI"]
[BlackTeamCountry "SUI"]

1. e4 e5 2. Nf3 Nc6 3. Bb5 a6 4. Ba4 Nf6 5. 0-0 b5 6. Bb3 Bc5 7. c3 d6 8. a4 Bb7 9. d3 h6 10. Na3 0-0 11. Bd2 b4 12. Nc4 bxc3 13. bxc3 Bc8 14. Be3 Bxe3 15. Nxe3 Na5 16. Ba2 Rb8 17. Qc2 Re8 18. Rab1 Bd7 19. Nd2 Rxb1 20. Rxb1 Bc6 21. Ndc4 Nb7 22. a5 Nc5 23. Rb4 d5 24. Nd2 dxe4 25. Nxe4 Nfxe4 26. dxe4 Nd3 27. Rb1 Bxe4 28. Rd1 Re7 29. Bd5 Bg6 30. Rxd3 Rd7 31. Bxf7+ Bxf7 1/2-1/2

[Event "SUI-chT"]
[Site "Switzerland"]
[Date "2016.04.17"]
[Round "2.3"]
[White "Renet, Olivier"]
[Black "Kessler, Luca"]
[Result "1/2-1/2"]
[WhiteElo "2520"]
[BlackElo "2396"]
[PlyCount "66"]
[EventDate "2016.03.20"]
[EventType "team-tourn"]
[EventRounds "9"]
[EventCountry "SUI"]
[SourceTitle "EXT 2017"]
[Source "ChessBase"]
[SourceDate "2016.10.25"]
[SourceVersion "1"]
[SourceVersionDate "2016.10.25"]
[SourceQuality "1"]
[WhiteTeam "Riehen"]
[BlackTeam "Wollishofen"]
[WhiteTeamCountry "SUI"]
[BlackTeamCountry "SUI"]

1. e4 c5 2. Nf3 e6 3. d4 cxd4 4. Nxd4 Nc6 5. Nc3 Qc7 6. g3 a6 7. Bg2 Nf6 8. 0-0 Nxd4 9. Qxd4 Bc5 10. Bf4 d6 11. Qd2 h6 12. Rfd1 e5 13. Be3 Bxe3 14. Qxe3 Be6 15. a4 0-0 16. a5 Rfd8 17. Rd2 Rac8 18. h3 Qc5 19. Qxc5 Rxc5 20. Nd1 Kf8 21. b3 Ke7 22. c4 Rb8 23. Nb2 b6 24. Na4 Rxa5 25. b4 Rxa4 26. Rxa4 Bxc4 27. Ra1 Ke6 28. Rad1 Rd8 29. Rc1 b5 30. Ra1 Ra8 31. Rad1 Rd8 32. Ra1 Ra8 33. Rad1 Rd8 1/2-1/2

[Event "EU-Cup 31st"]
[Site "Skopje"]
[Date "2015.10.23"]
[Round "6.2"]
[White "Renet, Olivier"]
[Black "Malakhov, Vladimir"]
[Result "1/2-1/2"]
[WhiteElo "2535"]
[BlackElo "2694"]
[PlyCount "57"]
[EventDate "2015.10.18"]
[EventType "team-swiss"]
[EventRounds "7"]
[EventCountry "MKD"]
[SourceTitle "CBM 169"]
[Source "ChessBase"]
[SourceDate "2015.11.10"]
[SourceVersion "1"]
[SourceVersionDate "2015.11.10"]
[SourceQuality "1"]
[WhiteTeam "Riehen"]
[BlackTeam "Belorechensk"]
[WhiteTeamCountry "SUI"]
[BlackTeamCountry "RUS"]

1. e4 e5 2. Nf3 Nc6 3. Bb5 Nf6 4. 0-0 Nxe4 5. d4 Nd6 6. Bxc6 dxc6 7. dxe5 Nf5 8. Qxd8+ Kxd8 9. h3 h5 10. Nc3 Ke8 11. Ne2 Be7 12. Bg5 Be6 13. Nf4 Bd5 14. Nxd5 cxd5 15. Rad1 c6 16. Rd3 h4 17. Re1 Bxg5 18. Nxg5 Rh5 19. Nf3 Ke7 20. b4 Rd8 21. Ra3 a6 22. Rd3 Rhh8 23. a4 Rc8 24. c3 g6 25. a5 Ng7 26. Rd4 Nf5 27. Rd3 Ng7 28. Rd4 Nf5 29. Rd3 1/2-1/2

[Event "EU-Cup 31st"]
[Site "Skopje"]
[Date "2015.10.19"]
[Round "2.2"]
[White "Renet, Olivier"]
[Black "Lindberg, Bo"]
[Result "1/2-1/2"]
[WhiteElo "2535"]
[BlackElo "2422"]
[PlyCount "65"]
[EventDate "2015.10.18"]
[EventType "team-swiss"]
[EventRounds "7"]
[EventCountry "MKD"]
[SourceTitle "CBM 169"]
[Source "ChessBase"]
[SourceDate "2015.11.10"]
[SourceVersion "1"]
[SourceVersionDate "2015.11.10"]
[SourceQuality "1"]
[WhiteTeam "Riehen"]
[BlackTeam "Viking Team"]
[WhiteTeamCountry "SUI"]
[BlackTeamCountry "SWE"]

1. e4 e5 2. Nf3 Nc6 3. Bb5 a6 4. Ba4 Nf6 5. 0-0 Be7 6. Re1 b5 7. Bb3 d6 8. c3 0-0 9. h3 Na5 10. Bc2 c5 11. d4 Nd7 12. Nbd2 exd4 13. cxd4 Nc6 14. d5 Nce5 15. a4 Rb8 16. axb5 axb5 17. Nxe5 Nxe5 18. f4 Ng6 19. Nf3 Bh4 20. Rf1 Bg3 21. f5 Ne5 22. Ng5 Nd7 23. f6 Nxf6 24. e5 Bxe5 25. Rxf6 Qxf6 26. Bxh7+ Kh8 27. Qh5 Bd4+ 28. Kh2 Be5+ 29. Kg1 Bd4+ 30. Kh2 Be5+ 31. Kg1 Bd4+ 32. Kh2 Be5+ 33. Kg1 1/2-1/2

[Event "SUI-chT"]
[Site "Switzerland"]
[Date "2015.09.05"]
[Round "6.4"]
[White "Renet, Olivier"]
[Black "Huebner, Robert"]
[Result "1/2-1/2"]
[WhiteElo "2539"]
[BlackElo "2611"]
[PlyCount "95"]
[EventDate "2015.03.29"]
[EventType "team-tourn"]
[EventRounds "9"]
[EventCountry "SUI"]
[SourceTitle "EXT 2016"]
[Source "ChessBase"]
[SourceDate "2015.10.08"]
[SourceVersion "1"]
[SourceVersionDate "2015.10.08"]
[SourceQuality "1"]
[WhiteTeam "Riehen"]
[BlackTeam "Luzern"]
[WhiteTeamCountry "SUI"]
[BlackTeamCountry "SUI"]

1. e4 e5 2. Nf3 Nc6 3. Bb5 a6 4. Ba4 Nf6 5. 0-0 Nxe4 6. d4 b5 7. Bb3 d5 8. dxe5 Be6 9. Be3 Be7 10. c3 0-0 11. Nbd2 Qd7 12. Re1 Rad8 13. Nxe4 dxe4 14. Qxd7 Bxd7 15. Nd2 Nxe5 16. Nxe4 Nd3 17. Re2 c5 18. Bc2 c4 19. Bxd3 cxd3 20. Rd2 Bf5 21. f3 Rfe8 22. Rad1 Bxe4 23. fxe4 Bf8 24. Rxd3 Rxd3 25. Rxd3 Rxe4 26. Kf2 f5 27. Rd7 Be7 28. Ra7 Re6 29. Bd4 h5 30. Kf3 Kh7 31. h4 Kg6 32. g3 Bf6 33. Rd7 Rc6 34. Ke3 Re6+ 35. Kf3 Be7 36. b3 Bf6 37. a4 bxa4 38. bxa4 a5 39. Ra7 Re4 40. Ra6 Rg4 41. Rxa5 Bxd4 42. cxd4 Rxd4 43. Ra6+ Kf7 44. a5 Ra4 45. Ra8 Kg6 46. Ra6+ Kf7 47. Ra8 Kg6 48. Ra6+ 1/2-1/2

[Event "Paris-ch op 90th"]
[Site "Paris"]
[Date "2015.07.06"]
[Round "3"]
[White "Basso, Pier Luigi"]
[Black "Renet, Olivier"]
[Result "1/2-1/2"]
[WhiteElo "2439"]
[BlackElo "2512"]
[PlyCount "47"]
[EventDate "2015.07.04"]
[EventType "swiss"]
[EventRounds "9"]
[EventCountry "FRA"]
[SourceTitle "CBM 167 Extra"]
[Source "ChessBase"]
[SourceDate "2015.09.14"]
[SourceVersion "1"]
[SourceVersionDate "2015.09.14"]
[SourceQuality "1"]

1. d4 Nf6 2. Nf3 e6 3. c4 b6 4. g3 Ba6 5. b3 Bb4+ 6. Bd2 Be7 7. Bg2 c6 8. Bc3 d5 9. Ne5 Nfd7 10. Nxd7 Nxd7 11. Nd2 0-0 12. 0-0 f5 13. Qc2 Bd6 14. Bb2 Qe7 15. Nf3 Rac8 16. Rfd1 Rfd8 17. Ne1 Nf6 18. Nd3 Ne4 19. f3 Nf6 20. c5 Bb8 21. Nb4 Bb7 22. Nd3 Ba6 23. Nb4 Bb7 24. Nd3 1/2-1/2

[Event "SUI-chT"]
[Site "Switzerland"]
[Date "2015.06.28"]
[Round "5.4"]
[White "Renet, Olivier"]
[Black "Thaler, Matthias"]
[Result "1-0"]
[WhiteElo "2539"]
[BlackElo "2211"]
[PlyCount "51"]
[EventDate "2015.03.29"]
[EventType "team-tourn"]
[EventRounds "9"]
[EventCountry "SUI"]
[SourceTitle "EXT 2016"]
[Source "ChessBase"]
[SourceDate "2015.10.08"]
[SourceVersion "1"]
[SourceVersionDate "2015.10.08"]
[SourceQuality "1"]
[WhiteTeam "Riehen"]
[BlackTeam "Bern Schwarz Weiss"]
[WhiteTeamCountry "SUI"]
[BlackTeamCountry "SUI"]

1. e4 d5 2. exd5 Qxd5 3. Nc3 Qd8 4. d4 Nf6 5. h3 c6 6. Nf3 Bf5 7. Bc4 h6 8. g4 Bh7 9. Ne5 e6 10. Qe2 Bg8 11. Be3 Bb4 12. 0-0 Nbd7 13. f4 Qc7 14. a3 Bd6 15. Bd3 0-0-0 16. Kh1 g5 17. fxg5 hxg5 18. Bxg5 Be7 19. Kg2 Nxe5 20. Qxe5 Qxe5 21. dxe5 Nd5 22. Bxe7 Nxe7 23. Ne4 Nd5 24. Rae1 Kc7 25. Ng5 Rd7 26. Rf3 1-0

[Event "SUI-chT"]
[Site "Switzerland"]
[Date "2014.06.15"]
[Round "4.1"]
[White "Renet, Olivier"]
[Black "Sokolov, Andrei"]
[Result "1/2-1/2"]
[WhiteElo "2534"]
[BlackElo "2554"]
[PlyCount "41"]
[EventDate "2014.03.16"]
[EventType "team-tourn"]
[EventRounds "9"]
[EventCountry "SUI"]
[SourceTitle "EXT 2015"]
[Source "ChessBase"]
[SourceDate "2014.11.20"]
[SourceVersion "1"]
[SourceVersionDate "2014.11.20"]
[SourceQuality "1"]
[WhiteTeam "Riehen"]
[BlackTeam "Geneve"]
[WhiteTeamCountry "SUI"]
[BlackTeamCountry "SUI"]

1. e4 c5 2. Nf3 e6 3. d4 cxd4 4. Nxd4 Nc6 5. Nc3 Qc7 6. Be3 Nf6 7. f4 Bb4 8. Ndb5 Qa5 9. Bd2 a6 10. e5 axb5 11. exf6 Bxc3 12. Bxc3 b4 13. fxg7 Rg8 14. Bd4 Nxd4 15. Qxd4 b3+ 16. Kf2 bxc2 17. Be2 Qa4 18. Qxa4 Rxa4 19. g3 Rb4 20. b3 d5 21. Rhc1 1/2-1/2